[Event "Women's Speed Chess Q5"]
[Site "chess.com INT"]
[Date "2020.06.22"]
[Round "11"]
[White "Arabidze, Meri"]
[Black "Cyfka, Karina"]
[Result "1/2-1/2"]
[WhiteTitle "IM"]
[BlackTitle "IM"]
[WhiteElo "2428"]
[BlackElo "2411"]
[WhiteFideId "13604040"]
[BlackFideId "1122681"]
[EventDate "2020.06.22"]

1. d4 Nf6 2. c4 d6 3. Nf3 Nbd7 4. Nc3 e5 5. e4 Be7 6. Be2 O-O 7. O-O c6 8. Re1
a6 9. h3 b5 10. c5 dxc5 11. dxe5 Ne8 12. Bf4 Nc7 13. Bg3 Nb6 14. Qc2 Ne6 15.
Rad1 Qc7 16. Nd5 cxd5 17. exd5 Qb7 18. dxe6 Bxe6 19. Bd3 h6 20. Be4 Nd5 21. a3
Rad8 22. Nh2 Qb6 23. f4 f5 24. exf6 Bxf6 25. f5 Bf7 26. Ng4 Bd4+ 27. Kh1 Rfe8
28. Bh4 Rc8 29. f6 h5 30. Bh7+ Kh8 31. fxg7+ Bxg7 32. Nh2 Ne3 33. Rxe3 Rxe3 34.
Bf5 Rce8 35. Nf3 Re2 36. Qd3 Qc6 37. Bd7 Qg6 38. Qxg6 Bxg6 39. Bxe8 Rxe8 40. Rd6
Be4 41. Bf6 Bxf3 42. gxf3 Bxf6 43. Rxf6 Re2 44. Rxa6 Rxb2 45. Rc6 c4 46. Rc5 Kg7
47. Kg1 Kg6 48. Kf1 Rb3 49. Ke2 h4 50. Kd2 Rxf3 51. Rxb5 Rxh3 52. a4 Ra3 53. a5
h3 54. Rb8 h2 55. Rh8 Ra2+ 56. Kc3 Rxa5 57. Rxh2 Rc5 58. Kd4 Rc8 59. Rc2 Kf5 60.
Rxc4 Rxc4+ 61. Kxc4 1/2-1/2

[Event "Women's Speed Chess Q5"]
[Site "chess.com INT"]
[Date "2020.06.22"]
[Round "11"]
[White "Grigoryan, Meri"]
[Black "Fataliyeva, Ulviyya"]
[Result "0-1"]
[WhiteTitle "WFM"]
[BlackTitle "WGM"]
[WhiteElo "2044"]
[BlackElo "2301"]
[WhiteFideId "13300571"]
[BlackFideId "13403052"]
[EventDate "2020.06.22"]

1. d4 d5 2. Nf3 Nf6 3. Bg5 e6 4. e3 c5 5. c3 Nc6 6. Bd3 Bd6 7. O-O O-O 8. Nbd2
h6 9. Bh4 Be7 10. Rc1 b6 11. dxc5 bxc5 12. Bb1 Ba6 13. Re1 Qd7 14. Qc2 g6 15. c4
Rac8 16. Qa4 Bb7 17. Bxf6 Bxf6 18. cxd5 exd5 19. Rxc5 Bxb2 20. Qh4 Kg7 21. e4
Bf6 22. Qg3 Nd4 23. Rxc8 Rxc8 24. e5 Nxf3+ 25. Nxf3 Be7 26. e6 Qc7 27. Ne5 Qc1
28. f4 Qc3 29. Bd3 Bb4 30. Rd1 Qd4+ 31. Kh1 Bd6 32. exf7 g5 33. f8=Q+ Rxf8 34.
Qh3 Bxe5 35. fxe5 Qxe5 36. Qh5 Rf6 37. Rc1 d4 38. Qd1 Rf2 39. Bf1 Qf5 40. Rc7+
Kg6 41. Kg1 Be4 42. Rxa7 d3 43. Ra6+ Kg7 44. h3 d2 45. Ra7+ Kg6 46. Ra6+ Kf7 47.
Qb3+ Bd5 48. Qb6 Rxf1+ 49. Kh2 Qf4+ 0-1

[Event "Women's Speed Chess Q5"]
[Site "chess.com INT"]
[Date "2020.06.22"]
[Round "11"]
[White "Sihite, Chelsie Monica Ignesias"]
[Black "Foisor, Sabina-Francesca"]
[Result "0-1"]
[WhiteTitle "WIM"]
[BlackTitle "WGM"]
[WhiteElo "2252"]
[BlackElo "2228"]
[WhiteFideId "7101198"]
[BlackFideId "1212915"]
[EventDate "2020.06.22"]

1. c4 e6 2. Nf3 d5 3. cxd5 exd5 4. g3 Nf6 5. Bg2 c6 6. O-O Be7 7. d3 O-O 8. b3
Bg4 9. Bb2 Nbd7 10. Nbd2 a5 11. h3 Bh5 12. g4 Bg6 13. a3 Nc5 14. Rc1 Ne6 15. Ne5
Nf4 16. Nxg6 fxg6 17. Nf3 Bd6 18. e3 Nxg2 19. Kxg2 Qe7 20. a4 Nd7 21. e4 Bf4 22.
Rc2 dxe4 23. dxe4 Rad8 24. Qe2 Qf7 25. e5 Rfe8 26. Re1 Nf8 27. Rc4 Ne6 28. Qe4
g5 29. Ba3 Rd5 30. Bd6 Rd8 31. Qf5 g6 32. Qxf7+ Kxf7 33. Kf1 h6 34. Kg2 Ng7 35.
h4 Ne6 36. hxg5 Bxg5 37. Nxg5+ hxg5 38. Rh1 Nf4+ 39. Kg3 Rd3+ 40. f3 Rxb3 41.
Re4 Ke6 42. Rh7 Rd7 43. Rh6 b5 44. axb5 cxb5 45. Rh8 Rb2 46. Re8+ Kd5 47. Rxf4
gxf4+ 48. Kxf4 Rxd6 49. exd6 Kxd6 50. Rg8 a4 51. Rxg6+ Ke7 52. Ra6 Rb3 53. g5 a3
54. g6 b4 55. Kg4 Rb2 56. f4 a2 57. Kf5 b3 58. Ra7+ Kd6 59. Kf6 Rg2 60. f5 b2
61. Rxa2 b1=Q 62. Rxg2 Qb2+ 63. Kf7 Qxg2 64. g7 Qb7+ 65. Kg6 Qd5 66. Kh7 Qxf5+
67. Kh8 Qh5+ 68. Kg8 Ke6 69. Kf8 Qf7# 0-1

[Event "Women's Speed Chess Q5"]
[Site "chess.com INT"]
[Date "2020.06.22"]
[Round "11"]
[White "Martynkova, Olena"]
[Black "Narva, Regina"]
[Result "1-0"]
[WhiteTitle "WIM"]
[BlackTitle "WFM"]
[WhiteElo "2222"]
[BlackElo "1905"]
[WhiteFideId "14134039"]
[BlackFideId "4500237"]
[EventDate "2020.06.22"]

1. d4 Nf6 2. Nf3 g6 3. c4 Bg7 4. g3 d6 5. Bg2 O-O 6. O-O b6 7. Nc3 a6 8. e4 c5
9. d5 Ra7 10. Re1 e5 11. dxe6 Bxe6 12. Bf4 Bxc4 13. Qxd6 Qxd6 14. Bxd6 Rd8 15.
e5 Ne8 16. Bxb8 Rxb8 17. b3 Be6 18. Ng5 Nc7 19. Rad1 Bf5 20. h3 h6 21. Nge4 Ne6
22. Nd6 Nd4 23. f4 b5 24. Ne2 Nc2 25. Nxf5 Nxe1 26. Rxe1 gxf5 27. Nc3 c4 28. Nd5
cxb3 29. axb3 a5 30. g4 fxg4 31. hxg4 a4 32. bxa4 Rxa4 33. Be4 Rd8 34. Ne7+ Kf8
35. Nf5 Rd2 36. Nd6 b4 37. Rc1 Ke7 38. Nf5+ Kd7 39. Nxg7 b3 40. Bc6+ Ke7 41.
Nf5+ Ke6 42. Bxa4 b2 43. Bb3+ Kd7 44. Rb1 Kc6 45. Ne3 Rd3 46. Ba4+ Kc5 47. Nd1
Ra3 48. Nxb2 Kd4 49. Be8 Rb3 50. Bxf7 Rb7 51. e6 Ke3 52. f5 Kf4 53. Rf1+ Kxg4
54. f6 Rxb2 55. e7 Kg3 56. Rc1 Rg2+ 57. Kf1 Rf2+ 58. Ke1 Rh2 59. e8=Q Rh1+ 60.
Kd2 Rh2+ 61. Kd3 1-0

[Event "Women's Speed Chess Q5"]
[Site "chess.com INT"]
[Date "2020.06.22"]
[Round "11"]
[White "Batsiashvili, Nino"]
[Black "Bodnaruk, Anastasia"]
[Result "0-1"]
[WhiteTitle "GM"]
[BlackTitle "IM"]
[WhiteElo "2457"]
[BlackElo "2411"]
[WhiteFideId "13602993"]
[BlackFideId "4181751"]
[EventDate "2020.06.22"]

1. d4 Nf6 2. Nf3 g6 3. c4 Bg7 4. Nc3 O-O 5. e4 d6 6. Be2 e5 7. O-O Nc6 8. d5 Ne7
9. Ne1 Nd7 10. Bd2 f5 11. Nd3 Nf6 12. f3 f4 13. Rc1 c5 14. dxc6 Nxc6 15. Nf2 g5
16. Be1 Nd4 17. Nb5 Nxe2+ 18. Qxe2 a6 19. Nc3 h5 20. h3 Be6 21. Nd5 Nxd5 22.
cxd5 Bd7 23. b3 Qb6 24. Kh1 Bb5 25. Nd3 Qe3 26. Qxe3 fxe3 27. Bb4 e2 28. Rfe1
Bxd3 29. Rc3 Bb5 30. a4 Bd7 31. Bxd6 Rac8 32. Re3 Rf7 33. R3xe2 g4 34. fxg4 hxg4
35. hxg4 Bxg4 36. Re3 Bd7 37. Rg3 Re8 38. Kg1 Rf4 39. Re2 Rg4 40. Rxg4 Bxg4 41.
Rc2 b5 42. axb5 axb5 43. Rc7 Be2 44. Kf2 Bd3 45. Ke3 Bb1 46. Rb7 Bc2 47. Rxb5
Ra8 48. Rb8+ Rxb8 49. Bxb8 Bxb3 50. Bd6 Kf7 51. Bb8 Kf6 52. Bc7 Bf8 53. Bd8+ Be7
54. Bxe7+ Kxe7 55. Kf3 Kf6 56. g4 Bc2 57. d6 Ba4 58. Kg3 Be8 59. Kh4 Kg6 60. g5
Bd7 61. Kg3 Kxg5 62. Kf3 Kf6 63. Ke3 Ke6 64. Kd3 Kxd6 65. Kc4 Be6+ 66. Kd3 Kc5
67. Ke3 Kc4 68. Kf3 Kd4 0-1

[Event "Women's Speed Chess Q5"]
[Site "chess.com INT"]
[Date "2020.06.22"]
[Round "11"]
[White "Cori T., Deysi"]
[Black "Osmak, Iulija"]
[Result "1-0"]
[WhiteTitle "WGM"]
[BlackTitle "IM"]
[WhiteElo "2388"]
[BlackElo "2438"]
[WhiteFideId "3801934"]
[BlackFideId "14101602"]
[EventDate "2020.06.22"]

1. d4 e6 2. Nf3 f5 3. c4 Nf6 4. Nc3 Bb4 5. Bd2 O-O 6. g3 Nc6 7. Bg2 d6 8. O-O e5
9. dxe5 dxe5 10. Nd5 Bxd2 11. Nxd2 e4 12. Nb3 Be6 13. Nc5 Bxd5 14. cxd5 Qxd5 15.
Qxd5+ Nxd5 16. Rfd1 Nce7 17. Rac1 b6 18. Ne6 Rfc8 19. g4 g6 20. gxf5 gxf5 21.
Bh3 Kf7 22. Nd4 Nf4 23. Bf1 c5 24. Nb5 Rg8+ 25. Kh1 Rad8 26. e3 Nd3 27. Bxd3
exd3 28. Rc3 a6 29. Na3 Nc6 30. Rcxd3 Rxd3 31. Rxd3 Rd8 32. Rxd8 Nxd8 33. Nc4 b5
34. Nd2 Ke6 35. Kg2 Kd5 36. Kf3 Ne6 37. h4 c4 38. Ke2 b4 39. Kd1 c3 40. bxc3
bxc3 41. Nb1 Kc4 42. Kc2 f4 43. Nxc3 fxe3 44. fxe3 Nc5 45. Ne2 Ne4 46. h5 a5 47.
Nf4 h6 48. Nd3 Ng3 49. Ne5+ Kd5 50. Ng4 Nxh5 51. Nxh6 Ke4 52. Ng4 Kf3 53. Ne5+
Kxe3 54. Kc3 Ke4 55. Nc4 Kd5 56. Nxa5 Kc5 57. Kb3 Kb5 58. Nc4 Ka6 59. Kb4 Nf6
60. Kb3 Nd5 61. a3 Nb6 62. Nb2 Nd7 63. Na4 Nb6 64. Nc3 Nc8 65. Kc4 Nb6+ 66. Kb4
Nd7 67. Nb5 Nb6 68. Nd4 1-0

[Event "Women's Speed Chess Q5"]
[Site "chess.com INT"]
[Date "2020.06.22"]
[Round "11"]
[White "Nguyen, Thi Mai Hung"]
[Black "Fominykh, Maria"]
[Result "1-0"]
[WhiteTitle "WGM"]
[BlackTitle "WGM"]
[WhiteElo "2258"]
[BlackElo "2206"]
[WhiteFideId "12401676"]
[BlackFideId "4142411"]
[EventDate "2020.06.22"]

1. d4 d6 2. Nf3 g6 3. g3 Bg7 4. Bg2 Nf6 5. O-O O-O 6. a4 a5 7. Re1 Nbd7 8. e4 e5
9. c3 Re8 10. Nbd2 b6 11. Nc4 Bb7 12. dxe5 dxe5 13. Qc2 h6 14. b4 axb4 15. cxb4
Nh7 16. Bb2 Qe7 17. Bc3 Nhf8 18. Qb2 f6 19. a5 Ne6 20. Bf1 b5 21. Na3 c6 22. Nc2
Nb8 23. Rad1 Na6 24. Ne3 Rad8 25. Qb1 Kh7 26. Rxd8 Rxd8 27. Nc2 Bf8 28. Be2 Qd7
29. Rd1 Qe7 30. Qb3 Rxd1+ 31. Bxd1 Qd6 32. Be2 Kg7 33. Kf1 Kh7 34. Ke1 Be7 35.
Qb1 Bc8 36. Qd1 Kg7 37. Qxd6 Bxd6 38. Kd2 Kf7 39. Ke3 g5 40. Nd2 Nec7 41. Nb3
Be6 42. Nc1 Bd7 43. Nd3 Be6 44. f4 Bb3 45. Na1 gxf4+ 46. gxf4 Bc4 47. fxe5 fxe5
48. Bxe5 Bxd3 49. Bxd6 Bxe2 50. Kxe2 Ne8 51. Bc5 Ng7 52. Nc2 Ne6 53. Bd6 Kf6 54.
Kd3 Ng5 55. Nd4 Nh3 56. Nxc6 Nf2+ 57. Ke3 Ng4+ 58. Kf4 Nf2 59. Nd4 Nd3+ 60. Ke3
Ndxb4 61. Nxb5 Nc6 62. Nd4 1-0

[Event "Women's Speed Chess Q5"]
[Site "chess.com INT"]
[Date "2020.06.22"]
[Round "11"]
[White "Millard, Charlotte"]
[Black "Mikheeva, Galina"]
[Result "0-1"]
[WhiteTitle "WCM"]
[BlackTitle "WFM"]
[WhiteElo "1252"]
[BlackElo "1901"]
[WhiteFideId "14320363"]
[BlackFideId "44108320"]
[EventDate "2020.06.22"]

1. e4 e5 2. Nf3 Nc6 3. Bc4 Bc5 4. Nc3 Nf6 5. d3 d6 6. Bg5 h6 7. Bh4 Bg4 8. h3
Bh5 9. g4 Bg6 10. Nd5 h5 11. Nxf6+ gxf6 12. Qd2 hxg4 13. hxg4 Qe7 14. O-O-O
O-O-O 15. a3 Bb6 16. Kb1 Rh7 17. g5 fxg5 18. Bxg5 f6 19. Rxh7 Bxh7 20. Be3 Bg8
21. Bxb6 axb6 22. Qc3 Bxc4 23. Qxc4 Qg7 24. Qe6+ Kb8 25. Qf5 Ne7 26. Qe6 Rg8 27.
Rg1 Qf8 28. Rxg8 Nxg8 29. Nh4 Nh6 30. Nf5 Nxf5 31. Qxf5 Qf7 32. f3 Qg7 33. Qh3
c6 34. Qe6 Kc7 35. Ka2 Qf8 36. Qf5 Kd8 37. f4 Qf7+ 38. Ka1 Ke7 39. fxe5 fxe5 40.
Qg5+ Ke6 41. Qh6+ Qf6 42. Qxf6+ Kxf6 43. Ka2 Kg5 44. Kb3 Kf6 45. c3 Ke6 46. d4
d5 47. exd5+ Kxd5 48. dxe5 Kxe5 49. Kb4 Kd5 50. c4+ Kd4 51. b3 Kd3 52. a4 Kc2
53. Ka3 Kc3 54. Ka2 Kb4 55. Kb2 b5 0-1

[Event "Women's Speed Chess Q5"]
[Site "chess.com INT"]
[Date "2020.06.22"]
[Round "11"]
[White "Zhuravleva, Olga"]
[Black "Shvedova, Alexandra"]
[Result "1-0"]
[WhiteTitle "WIM"]
[BlackTitle "WFM"]
[WhiteElo "2278"]
[BlackElo "1994"]
[WhiteFideId "4145933"]
[BlackFideId "54154782"]
[EventDate "2020.06.22"]

1. e4 e5 2. Nf3 Nc6 3. Bc4 Bc5 4. c3 Nf6 5. d3 d6 6. h3 Bb6 7. O-O Ne7 8. b4 c6
9. a4 Ng6 10. Bb3 h6 11. Be3 Bc7 12. Nbd2 O-O 13. Re1 d5 14. Qc2 Be6 15. Rad1
Qe7 16. Bc5 Bd6 17. exd5 Bxd5 18. Bxd6 Qxd6 19. Nc4 Bxc4 20. dxc4 Qc7 21. c5 e4
22. Nd4 Qf4 23. Ne2 Qg5 24. Ng3 Nf4 25. Bc4 h5 26. Bf1 h4 27. Nxe4 Nxe4 28. Rxe4
Nxh3+ 29. Kh1 Nf4 30. Rdd4 Ng6 31. Rg4 Qe5 32. Bd3 Qe1+ 33. Kh2 Qe5+ 34. Kg1
Qe1+ 35. Kh2 Qe5+ 36. g3 hxg3+ 37. Rxg3 Qh5+ 38. Rh3 Qe5+ 39. Kg1 Qe1+ 40. Kg2
Rfe8 41. Bxg6 fxg6 42. Qxg6 Re6 43. Qh7+ Kf7 44. Rf4+ Rf6 45. Qh5+ Ke7 46. Re3+
Qxe3 47. fxe3 Rxf4 48. exf4 Rf8 49. Qe5+ Kd7 50. Qxg7+ Ke8 51. Qxf8+ Kxf8 52.
Kf3 Kf7 53. Ke4 Ke6 54. f5+ Kf6 55. Kf4 Ke7 56. Ke5 Kf7 57. Kd6 Kf6 58. Kc7 Kxf5
59. Kxb7 Ke4 60. Kxa7 Kd3 61. Kb6 Kxc3 62. Kxc6 Kxb4 63. Kd6 Kxa4 64. c6 Kb4 65.
c7 Kb5 66. c8=Q Kb6 67. Qb8+ Ka5 68. Kc5 Ka6 69. Qb6# 1-0

[Event "Women's Speed Chess Q5"]
[Site "chess.com INT"]
[Date "2020.06.22"]
[Round "11"]
[White "Goltseva, Ekaterina"]
[Black "Bulmaga, Irina"]
[Result "0-1"]
[WhiteTitle "FM"]
[BlackTitle "IM"]
[WhiteElo "2306"]
[BlackElo "2440"]
[WhiteFideId "24173770"]
[BlackFideId "13903063"]
[EventDate "2020.06.22"]

1. d4 Nf6 2. c4 g6 3. Nc3 Bg7 4. e4 d6 5. Nf3 O-O 6. h3 e5 7. d5 Nbd7 8. Be3 Nc5
9. Nd2 a5 10. g4 c6 11. Be2 Bd7 12. h4 cxd5 13. cxd5 a4 14. g5 Ne8 15. Nc4 Qc7
16. Na3 Qa5 17. Bd2 Qd8 18. Be3 Qa5 19. Bd2 Qc7 20. Rc1 f5 21. f3 fxe4 22. Nxe4
b6 23. Be3 Bf5 24. Nb5 Qe7 25. Nbc3 Qf7 26. O-O Qd7 27. Rf2 Nc7 28. Bf1 Rf7 29.
Bg2 Raf8 30. Qd2 Bxe4 31. Nxe4 Nb5 32. Rcf1 Nd4 33. Nf6+ Bxf6 34. gxf6 Rxf6 35.
Bxd4 exd4 36. Qxd4 Rf4 37. Qe3 Rxh4 38. f4 Rg4 39. Qh3 h5 40. f5 Qg7 41. f6 Qf7
42. Kh1 Nd7 43. Qc3 Ne5 44. Bh3 Rh4 45. Kg2 Kh7 46. Qg3 Rd4 47. Be6 Qb7 48. Rf4
Rxd5 49. Bxd5 Qxd5+ 50. Kg1 Rf7 51. R4f2 Ng4 52. Rf3 Qd4+ 53. Kh1 Qxb2 54. Qg2
Qe5 55. Qg3 Qxg3 56. Rxg3 Nxf6 57. Rd3 Kg7 58. Rxd6 b5 59. Rb6 h4 60. Rxb5 Re7
61. Rb4 g5 62. Rxa4 Re6 63. Kg1 Kg6 64. Rd4 g4 65. Kg2 Kg5 66. Rff4 h3+ 67. Kg1
Re1+ 68. Kf2 Ra1 69. Rd2 h2 70. Kg2 h1=Q+ 0-1

[Event "Women's Speed Chess Q5"]
[Site "chess.com INT"]
[Date "2020.06.22"]
[Round "11"]
[White "Charochkina, Daria"]
[Black "Mamedjarova, Turkan"]
[Result "1-0"]
[WhiteTitle "IM"]
[BlackTitle "WGM"]
[WhiteElo "2356"]
[BlackElo "2309"]
[WhiteFideId "4180917"]
[BlackFideId "13402005"]
[EventDate "2020.06.22"]

1. b3 d5 2. Bb2 c5 3. e3 Nc6 4. Nf3 Nf6 5. Bb5 Bf5 6. O-O e6 7. Ne5 Rc8 8. f4
Bd6 9. d3 O-O 10. Bxc6 bxc6 11. Nd2 Bxe5 12. fxe5 Ng4 13. Qf3 Qg5 14. Rae1 f6
15. Qg3 Qh6 16. exf6 Nxf6 17. Nf3 c4 18. bxc4 dxc4 19. e4 Bg6 20. Ne5 cxd3 21.
cxd3 Be8 22. Rf3 c5 23. Ref1 Bb5 24. Rf4 Nh5 25. Rxf8+ Rxf8 26. Rxf8+ Kxf8 27.
Qf3+ Nf6 28. Ng4 Qd2 29. Bxf6 Qe1+ 30. Qf1 Qxf1+ 31. Kxf1 gxf6 32. Ke2 Ke7 33.
e5 f5 34. Nf6 c4 35. d4 c3+ 36. Ke3 Bc4 37. g3 Bxa2 38. Kd3 Bb1+ 39. Kxc3 a5 40.
Nxh7 f4 41. Ng5 fxg3 42. hxg3 a4 43. Nf3 Be4 44. Nd2 Bd5 45. Nf1 Kf7 46. Ne3 Be4
47. Nc4 Kg6 48. Nb6 Bc6 49. Kb4 Kf5 50. Kc5 Be8 51. Kb4 Ke4 52. Kc3 a3 53. Nc4
a2 54. Nd2+ Ke3 55. Nc4+ Kf2 56. Kb2 Kxg3 57. Kxa2 Bc6 58. Kb3 Bd5 59. Kb4 Kf3
60. Kc5 Ke4 61. Nd6+ Kf4 62. Ne8 Ke3 63. Nc7 Ba2 64. Nb5 Kf4 65. Nc3 Bb3 66. Kb4
Bc2 67. Kc5 Bg6 68. Nb5 Ke4 69. Nc7 Bf5 70. Ne8 Bh3 71. Nf6+ Ke3 72. Nh5 Bg4 73.
Ng7 Bh3 74. Ne8 Bg4 75. Nf6 Bh3 76. Nd7 Ke4 77. Nb6 Bg4 78. Nc4 Bh3 79. Nd6+ Kd3
80. Nb5 Ke3 81. Kd6 Kd3 82. Nc7 Kxd4 83. Nxe6+ Ke4 84. Ng5+ Kf5 85. Nxh3 1-0

[Event "Women's Speed Chess Q5"]
[Site "chess.com INT"]
[Date "2020.06.22"]
[Round "12"]
[White "Vidyarthi, Omya"]
[Black "Nikulina, Alena"]
[Result "1-0"]
[WhiteTitle "WCM"]
[BlackTitle "WFM"]
[WhiteElo "1709"]
[BlackElo "1887"]
[WhiteFideId "30931665"]
[BlackFideId "4172051"]
[EventDate "2020.06.22"]

1. d4 Nf6 2. Bg5 e6 3. e4 Be7 4. e5 Nd5 5. Bxe7 Qxe7 6. c4 Nb6 7. Nc3 O-O 8. Bd3
f5 9. exf6 Qxf6 10. Nf3 Nc6 11. O-O d6 12. Nb5 Qf7 13. Ng5 Qe7 14. Bxh7+ Kh8 15.
Qh5 1-0

[Event "Women's Speed Chess Q5"]
[Site "chess.com INT"]
[Date "2020.06.22"]
[Round "12"]
[White "Matveeva, Olga"]
[Black "Hernandez Bonilla, Amelia"]
[Result "0-1"]
[WhiteTitle "WIM"]
[BlackTitle "WFM"]
[WhiteElo "2171"]
[BlackElo "2016"]
[WhiteFideId "24107018"]
[BlackFideId "3900193"]
[EventDate "2020.06.22"]

1. d4 Nf6 2. c4 e6 3. g3 d5 4. Nf3 Be7 5. Bg2 O-O 6. O-O c5 7. cxd5 Nxd5 8. dxc5
Bxc5 9. Qc2 Be7 10. Rd1 Qb6 11. Nc3 Nxc3 12. Qxc3 Bd7 13. Be3 Qa6 14. Ne5 Bc6
15. Nxc6 Nxc6 16. Bd4 Nxd4 17. Qxd4 Bf6 18. Qb4 Qxe2 19. Qxb7 Rad8 20. Re1 Qxb2
21. Qxa7 Bd4 0-1

[Event "Women's Speed Chess Q5"]
[Site "chess.com INT"]
[Date "2020.06.22"]
[Round "12"]
[White "Kiran, Manisha Mohanty"]
[Black "Sowa, Wiktoria"]
[Result "0-1"]
[WhiteTitle "WGM"]
[BlackTitle "WFM"]
[WhiteElo "2168"]
[BlackElo "2093"]
[WhiteFideId "5019575"]
[BlackFideId "21836701"]
[EventDate "2020.06.22"]

1. e4 Nf6 2. e5 Nd5 3. d4 g6 4. c4 Nb6 5. Nc3 d6 6. exd6 cxd6 7. Be3 Bg7 8. Rc1
O-O 9. b3 Nc6 10. d5 Ne5 11. Be2 e6 12. f4 Ned7 13. dxe6 fxe6 14. Nf3 Nf6 15.
O-O d5 16. c5 Nbd7 17. b4 Qe7 18. Kh1 a5 19. a3 axb4 20. axb4 Ra3 21. Bd4 Ng4
22. Bxg7 Qxg7 23. Nd4 Ne3 24. Qd3 Nxf1 25. Nxe6 Qh6 26. Nxf8 Qxh2# 0-1

[Event "Women's Speed Chess Q5"]
[Site "chess.com INT"]
[Date "2020.06.22"]
[Round "12"]
[White "Doluhanova, Evgeniya"]
[Black "Sviridova, Vlada"]
[Result "0-1"]
[WhiteTitle "WGM"]
[BlackTitle "WFM"]
[WhiteElo "2229"]
[BlackElo "2144"]
[WhiteFideId "14112035"]
[BlackFideId "24109606"]
[EventDate "2020.06.22"]

1. e4 e6 2. d4 d5 3. exd5 exd5 4. Bd3 Bd6 5. Ne2 Nc6 6. c3 Nge7 7. Bf4 Bg4 8.
Qd2 Ng6 9. Qe3+ Nce7 10. Bxd6 Qxd6 11. Nd2 O-O 12. f3 Bf5 13. Bxf5 Nxf5 14. Qd3
Qf6 15. O-O-O Rfe8 16. Ng3 Ne3 17. Rdg1 Nf4 18. Qb5 c6 19. Qb3 Qg6 20. c4 Nd3+
21. Kb1 Nc5+ 0-1

[Event "Women's Speed Chess Q5"]
[Site "chess.com INT"]
[Date "2020.06.22"]
[Round "12"]
[White "Zhao, Xue"]
[Black "Schut, Lisa"]
[Result "1-0"]
[WhiteTitle "GM"]
[BlackTitle "WIM"]
[WhiteElo "2486"]
[BlackElo "2259"]
[WhiteFideId "8601283"]
[BlackFideId "1019481"]
[EventDate "2020.06.22"]

1. Nf3 d5 2. e3 Nf6 3. c4 c6 4. b3 g6 5. Bb2 Bg7 6. Nc3 O-O 7. h3 Nbd7 8. d4 Ne4
9. Bd3 Nxc3 10. Bxc3 b6 11. O-O Bb7 12. cxd5 cxd5 13. Rc1 Rc8 14. Qe2 e6 15. Bb4
Re8 16. Ba6 Bxa6 17. Qxa6 Rc7 18. Bd6 Rxc1 19. Rxc1 Nb8 20. Qa4 a5 21. Ne5 Bxe5
22. dxe5 Na6 23. Qb5 Nc5 24. Bxc5 bxc5 25. Rxc5 Qg5 26. Qxe8+ 1-0

[Event "Women's Speed Chess Q5"]
[Site "chess.com INT"]
[Date "2020.06.22"]
[Round "12"]
[White "Cyfka, Karina"]
[Black "Tereladze, Sopiko"]
[Result "0-1"]
[WhiteTitle "IM"]
[BlackTitle "WIM"]
[WhiteElo "2411"]
[BlackElo "2141"]
[WhiteFideId "1122681"]
[BlackFideId "13600486"]
[EventDate "2020.06.22"]

1. d4 Nf6 2. c4 e6 3. Nf3 d5 4. Nc3 Be7 5. Bf4 O-O 6. Rc1 c6 7. e3 Nbd7 8. h3
Ne4 9. Nxe4 dxe4 10. Nd2 f5 11. Be2 Bf6 12. g4 e5 13. dxe5 Bxe5 14. Bxe5 Nxe5
15. Qc2 Nd3+ 16. Bxd3 exd3 17. Qc3 fxg4 18. hxg4 Bxg4 19. Rg1 Qh4 20. Ne4 Rae8
21. Ng3 Qh2 22. Rf1 Bh3 23. Nh5 Rxe3+ 24. Kd2 Re5 25. Rce1 Rxh5 26. Re7 Qf4+ 27.
Ke1 d2+ 28. Qxd2 Qxd2+ 29. Kxd2 Bxf1 0-1

[Event "Women's Speed Chess Q5"]
[Site "chess.com INT"]
[Date "2020.06.22"]
[Round "12"]
[White "Ilyuchyk, Yana"]
[Black "Kiolbasa, Oliwia"]
[Result "0-1"]
[WhiteTitle "WFM"]
[BlackTitle "WIM"]
[WhiteElo "2119"]
[BlackElo "2160"]
[WhiteFideId "13508407"]
[BlackFideId "1154613"]
[EventDate "2020.06.22"]

1. e4 e5 2. Nf3 Nc6 3. Nc3 Nf6 4. d4 exd4 5. Nxd4 Bb4 6. Nxc6 bxc6 7. Bd3 O-O 8.
O-O d5 9. exd5 cxd5 10. h3 c6 11. Qf3 Be6 12. Bf4 Bd6 13. Rfe1 Rb8 14. b3 Rb4
15. Ne2 Qc7 16. Bxd6 Qxd6 17. c3 Rbb8 18. Nf4 Rfe8 19. Bc2 Re7 20. Rad1 Rbe8 21.
b4 Bg4 22. hxg4 Rxe1+ 23. Kh2 Rxd1 24. Bxd1 g5 25. g3 gxf4 26. gxf4 Ne4 27. Bc2
Qf6 28. c4 Qc3 29. Bxe4 Qxf3 30. Bxf3 dxc4 31. Bxc6 c3 32. Ba4 Re2 33. Kg2 c2 0-1

[Event "Women's Speed Chess Q5"]
[Site "chess.com INT"]
[Date "2020.06.22"]
[Round "12"]
[White "Arakhamia-Grant, Ketevan"]
[Black "Vijayalakshmi, Subbaraman"]
[Result "1-0"]
[WhiteTitle "GM"]
[BlackTitle "IM"]
[WhiteElo "2380"]
[BlackElo "2332"]
[WhiteFideId "13600168"]
[BlackFideId "5004098"]
[EventDate "2020.06.22"]

1. e4 e5 2. Nf3 Nc6 3. Bb5 a6 4. Ba4 Nf6 5. d3 d6 6. c3 Be7 7. O-O O-O 8. Nbd2
Bg4 9. h3 Bh5 10. Re1 Re8 11. Nf1 b5 12. Bb3 d5 13. exd5 Nxd5 14. Ng3 Bg6 15.
Nxe5 Nxe5 16. Rxe5 Nf6 17. d4 Bd6 18. Rxe8+ Qxe8 19. Bg5 Ne4 20. Nxe4 Qxe4 21.
Qe1 Re8 22. Qxe4 Rxe4 23. Be3 Kf8 24. Re1 Ke7 25. Bd5 f5 26. Bxe4 fxe4 27. f3
exf3 28. gxf3 Bf5 29. Kg2 Kf6 30. Bf2 Be6 31. Bg3 Bxa2 32. Bxd6 cxd6 33. Ra1 Bd5
34. Rxa6 Ke6 35. Ra7 Kf6 36. Rd7 1-0

[Event "Women's Speed Chess Q5"]
[Site "chess.com INT"]
[Date "2020.06.22"]
[Round "12"]
[White "Zavivaeva, Evelina"]
[Black "Millard, Charlotte"]
[Result "1-0"]
[WhiteTitle "WCM"]
[BlackTitle "WCM"]
[WhiteElo "1619"]
[BlackElo "1252"]
[WhiteFideId "44127839"]
[BlackFideId "14320363"]
[EventDate "2020.06.22"]

1. e4 e5 2. Nf3 Nc6 3. Bc4 Bc5 4. c3 Nf6 5. d3 h6 6. h3 d6 7. Nbd2 O-O 8. Nf1
Kh8 9. g4 Nh7 10. Ng3 Be6 11. Bb3 d5 12. Qe2 dxe4 13. dxe4 Bxb3 14. axb3 Nf6 15.
g5 hxg5 16. Bxg5 Be7 17. Rd1 Qe8 18. Bxf6 Bxf6 19. h4 Qe6 20. h5 Qxb3 21. h6
gxh6 22. Rxh6+ Kg7 23. Nf5+ Kg8 24. Nd2 Qe6 25. Qg4+ Bg5 26. Qxg5+ Qg6 27. Rxg6+
fxg6 28. Qxg6+ Kh8 29. Qg7# 1-0

[Event "Women's Speed Chess Q5"]
[Site "chess.com INT"]
[Date "2020.06.22"]
[Round "12"]
[White "Narva, Regina"]
[Black "Gokbulut, Julia"]
[Result "1-0"]
[WhiteTitle "WFM"]
[BlackTitle "WFM"]
[WhiteElo "1905"]
[BlackElo "1970"]
[WhiteFideId "4500237"]
[BlackFideId "4153979"]
[EventDate "2020.06.22"]

1. e4 c6 2. Nc3 d5 3. exd5 cxd5 4. d4 Nf6 5. Nf3 Qc7 6. Bb5+ Nc6 7. Ne5 a6 8.
Nxc6 bxc6 9. Bd3 Bg4 10. f3 Bh5 11. O-O Bg6 12. Bg5 e6 13. Qe2 h6 14. Bxf6 Bxd3
15. Qxd3 gxf6 16. f4 Bd6 17. g3 f5 18. Rae1 Kd7 19. a3 h5 20. b4 h4 21. g4 Rag8
22. h3 fxg4 23. f5 gxh3+ 24. Kh1 Rg7 25. fxe6+ fxe6 26. Qe2 Re8 27. Qh5 Bg3 28.
Re3 Ree7 29. Na4 Kc8 30. Nc5 Qd6 31. Qh8+ Qd8 32. Rf8 Re8 33. Rxe8 1-0